Guess the Soccer/Football Clubs - Statistics

General Stats
  • This quiz has been taken 170 times
    156 since last reset
  • The average score is 13 of 16
Answer Stats
Picture Answer % Correct
Barcelona
100%
Real Madrid
99%
Liverpool
97%
Manchester United
96%
Bayern Munich
95%
Juventus
95%
Tottenham Hotspur
94%
Atletico Madrid
91%
Nottingham Forest
83%
Leicester City
78%
Valencia
76%
Bologna
67%
Celta Vigo
59%
River Plate
59%
Brest
46%
Fluminense
38%
No matching quizzes found
Score Distribution
Percent of People with Each Score
Percentile by Number Answered
Your Score History
You have not taken this quiz since the last reset